000
00237nam a2200097Ia 4500
008
230508s2001 xx 000 0 und d
041
_a
eng
100
_a
SEDHA R.S.
245
_a
A TEXT BOOK OF APPLIED ELECTRONIC
260
_b
S.CHAND
_c
2001
999
_c
729064
_d
729064